[Event "HUN-chT2 Szechenyi 1617"]
[Site "Hungary"]
[Date "2016.11.27"]
[Round "5.12"]
[White "Domonkos, Eszter"]
[Black "Barasits, Tibor"]
[Result "1-0"]
[WhiteElo "1378"]
[BlackElo "1631"]
[PlyCount "109"]
[EventDate "2016.09.25"]
[EventType "team-tourn"]
[EventRounds "11"]
[EventCountry "HUN"]
[SourceTitle "EXT 2021"]
[Source "ChessBase"]
[SourceDate "2020.10.23"]
[SourceVersion "1"]
[SourceVersionDate "2020.10.23"]
[SourceQuality "1"]
[WhiteTeam "Papa"]
[BlackTeam "Arboretum"]
[WhiteTeamCountry "HUN"]
[BlackTeamCountry "HUN"]

1. e4 e5 2. Bc4 Nf6 3. Nc3 c6 4. Bb3 d5 5. exd5 cxd5 6. Qe2 Nc6 7. f4 Bg4 8. Qb5 Qe7 9. Bxd5 exf4+ 10. Kf1 Rc8 11. d3 Qc7 12. Qa4 Bd6 13. Nb5 Qd7 14. Bxc6 Qxc6 15. Nxd6+ Kd7 16. Qxc6+ Rxc6 17. Nxf7 Re8 18. c3 h6 19. d4 Rce6 20. Ne5+ Kd6 21. Bxf4 Kd5 22. h3 Bf5 23. Ngf3 Ne4 24. Nd2 g5 25. Nxe4 Bxe4 26. Bd2 Rf8+ 27. Kg1 Kd6 28. Be3 Ref6 29. Kh2 Bd5 30. Rhe1 Kc7 31. Ng4 Re6 32. Bd2 Rfe8 33. Rxe6 Rxe6 34. Re1 Rg6 35. Re7+ Kb6 36. Rh7 Bxa2 37. Rxh6 Rxh6 38. Nxh6 Kb5 39. Bxg5 Kc4 40. Be7 b5 41. Nf5 Kb3 42. d5 Kxb2 43. d6 Be6 44. Nd4 Bd7 45. Ne2 a5 46. Bg5 a4 47. Bc1+ Kb3 48. g4 Kc4 49. g5 Kd5 50. Ba3 Ke6 51. Kg3 Kf5 52. h4 Kg6 53. Kf4 Kh5 54. Ke5 Be8 55. Kf6 1-0